|
|
|
|
| LEADER |
00000nas a2200000 a 4500 |
| 001 |
ssj0008992 |
| 003 |
WaSeSS |
| 005 |
20200512172242.0 |
| 006 |
m d |
| 007 |
cr n |
| 008 |
941116d19942001nyubr p s 0 a0eng c |
| 010 |
|
|
|a sn 95001000
|
| 016 |
7 |
|
|a 018373291
|2 DE-101
|
| 016 |
7 |
|
|a 1335102-3
|2 DE-600
|
| 022 |
|
|
|l 1084-3957
|y 1084-3957
|
| 035 |
|
|
|a (WaSeSS)ssj0008992
|
| 037 |
|
|
|b Literal Latté, 61 East 8th St., Suite 240, New York, NY 10003
|
| 040 |
|
|
|a GZM
|b eng
|c GZM
|d NSD
|d RBN
|d OCLCQ
|d GBVCP
|d OCLCF
|d OCLCO
|d OCLCQ
|d WaSeSS
|
| 042 |
|
|
|a nsdp
|a pcc
|
| 082 |
1 |
0 |
|a 808
|2 12
|
| 222 |
|
0 |
|a Literal latté
|
| 245 |
0 |
0 |
|a Literal latté
|h [electronic resource].
|
| 260 |
|
|
|a New York, NY :
|b Literal Latté,
|c ©1994-
|
| 310 |
|
|
|a Bimonthly
|
| 362 |
0 |
|
|a Vol. 1, no. 1 (June 1994)-
|
| 362 |
1 |
|
|a Ceased with v. 17, no. 3 (2001).
|
| 500 |
|
|
|a Title from cover.
|
| 500 |
|
|
|a A journal of prose, poetry & art.
|
| 506 |
|
|
|a License restrictions may limit access.
|
| 588 |
|
|
|a Latest issue consulted: Vol. 2, no. 1 (summer 1995).
|
| 650 |
|
0 |
|a Little magazines.
|
| 650 |
|
7 |
|a Little magazines.
|2 fast
|0 (OCoLC)fst01000529
|
| 655 |
|
0 |
|a Electronic journals.
|
| 856 |
4 |
0 |
|z Full text available from Research Library: 05/01/1998 to 10/31/2003
|u https://search.proquest.com/publication/32347
|